| 000 | 01831 a2200397 04500 | ||
|---|---|---|---|
| 001 | 706703 | ||
| 003 | PE-LiUPU | ||
| 005 | 20250731173557.0 | ||
| 008 | 991231s 2007miu eng d | ||
| 020 | _a9781883925574 | ||
| 040 |
_aPE-LiUPU _bspa _cPE-LiUPU _erda |
||
| 082 | 0 | 4 |
_a231.76 _223 _bM123i |
| 100 | 1 |
_aMacCarty, Skip _eautor |
|
| 245 | 1 | 0 |
_aIn granite or ingrained? : _bwhat the Old and New Covenants reveal about the Gospel, the Law, and the Sabbath / _cSkip MacCarty. |
| 264 |
_aBerrien Springs, Michigan : _bAndrews University Press, _c2007 |
||
| 300 |
_a327 páginas; _c23 centímetros. |
||
| 500 | _aIncluye índice | ||
| 505 | _aThe core truth of the covenant(s) -- The universality of the covenant(s) -- How God defined the new covenant -- New covenant DNA in the Old covenant -- How the Old and New covenant differ -- The two covenants in history and experience -- Historical and experiential aplications -- Love and law in the covenant(s) -- Covenant signs -- Covenant rest -- Ten timeless truths -- Living the covenants -- Appendix A, comparison of the Old and New covenants as presented in Hebrew 7-10 -- Appendix B: "Under Law" vs. "Under Grace" -- Appendix C: Scholar' comments on Colossians 2: 16-17 -- Appendix D: Tables and charts. | ||
| 526 | _aSEG42 | ||
| 526 | _aSEG41 | ||
| 526 | _aSEG40 | ||
| 526 | _aSEG39 | ||
| 526 | _aP94 | ||
| 526 | _aP87 | ||
| 526 | _aP86 | ||
| 526 | _aP85 | ||
| 526 | _aP77 | ||
| 526 | _aP76 | ||
| 526 | _aP35 | ||
| 650 | 1 | 4 | _aPacto teológico. |
| 650 | 1 | 4 |
_aSábado. _zEnseñanza bíblica |
| 650 | 1 | 4 |
_aPactos _xAspectos religiosos _xCristianismo |
| 650 | 1 | 4 |
_aAdventista del Séptimo Día. _zDoctrina |
| 942 |
_cBK _2ddc _n0 |
||
| 999 |
_c61715 _d61715 |
||
| 980 |
_618226 _aJaime Vilcazán Jefe de Análisis Documental _81 _gALBERTO SANCHEZ Responsable de Automatización |
||